Minecraft Axolotl Colors - Statistics

General Stats
  • This quiz has been taken 829 times
    779 since last reset
  • The average score is 4 of 5
Answer Stats
Answer % Correct
Blue
99%
Leucistic
95%
Gold
92%
Wild
80%
Cyan
79%
No matching quizzes found
Score Distribution
Percent of People with Each Score
Percentile by Number Answered
Your Score History
You have not taken this quiz since the last reset